La eucaristía: el tema eucarístico en el arte de España
Saved in:
| Main Authors: | , , |
|---|---|
| Format: | Book |
| Language: | Spanish |
| Published: |
Barcelona
Seix Barral
1952
|
| Subjects: | |
| Tags: |
Add Tag
No Tags, Be the first to tag this record!
|
MARC
| LEADER | 00000nam a2200000 a 4500 | ||
|---|---|---|---|
| 001 | UCY8704 | ||
| 003 | CL-VaPUC | ||
| 008 | 950707e19520000SP |||||||||||||||||spa|d | ||
| 082 | 0 | 4 | |a 759.6 |b FON |2 21 |
| 100 | 0 | |a Font, Lamberto |e author |9 340356 | |
| 700 | 0 | |a Bagué, Enrique |e author |9 340357 | |
| 700 | 0 | |a Petit, Juan |e author |9 340358 | |
| 245 | 1 | 3 | |a La eucaristía: el tema eucarístico en el arte de España |
| 300 | |a 145 p | ||
| 942 | |c BK | ||
| 945 | |d 19950707 00:00:00 |a rbrito | ||
| 260 | |a Barcelona |b Seix Barral |c 1952 | ||
| 650 | 0 | |a Pintura española |9 315217 | |
| 650 | 0 | |a Pintores españoles |9 315216 | |
| 650 | 7 | |a PINTURA RELIGIOSA |2 CL-VaPUC |9 340359 | |
| 651 | 0 | |a España |9 254926 | |
| 583 | |a last modification |c 19950707 00:00:00 |k Rodrigo Vera | ||
| 999 | |c 235925 |d 235923 | ||
| 952 | |0 0 |1 0 |2 ddc |4 0 |6 759_600000000000000_FON_1952 |7 0 |8 A |9 243667 |a BIBART |b BIBART |d 2019-11-18 |i 3097528 |o 759.6 FON 1952 |p 3097528 |r 2019-11-18 |w 2019-11-18 |y BK |k ART | ||